Tax havens : what they are and what they can do for the shrewd investor /

Bibliographic Details
Main Author: Starchild, Adam
Format: Book
Language:English
Published: New Rochelle, N.Y. : Arlington House, [1979]
Subjects:

MARC

Tag First Indicator Second Indicator Subfields
LEADER 00000pam a2200000 i 4500
001 in00000052833
005 20151007074152.0
008 790803s1979 nyu b 00110 eng
010 |a  79019657  
020 |a 0870004549 :  |c $12.95 
035 |a (OCoLC)05285846 
035 |9 AAF1056AM 
040 |a DLC  |c DLC  |d TXA  |d UtOrBLW 
043 |a n-us--- 
049 |a TXAM  |c [1160282] 
050 0 0 |a K4464.5  |b .S7 
082 0 |a 343.05/2 
100 1 |a Starchild, Adam. 
245 1 0 |a Tax havens :  |b what they are and what they can do for the shrewd investor /  |c Adam Starchild. 
264 1 |a New Rochelle, N.Y. :  |b Arlington House,  |c [1979] 
264 4 |c ©1979 
300 |a 255 pages ;  |c 22 cm. 
336 |a text  |b txt  |2 rdacontent 
337 |a unmediated  |b n  |2 rdamedia 
338 |a volume  |b nc  |2 rdacarrier 
500 |a Includes index. 
504 |a Bibliography: pages 247-248. 
650 0 |a Tax havens. 
650 0 |a Tax planning  |z United States. 
999 |a MARS 
999 f f |s fed6abef-2782-3ab9-88d3-514f49198b4d  |i dee76f74-bed5-346b-aae1-8e13a7ee1044  |t 0 
952 f f |p ric  |a Texas A&M University  |b Rellis Campus  |c Joint Library Facility  |d Remote Storage  |t 0  |e K4464.5 .S7  |h Library of Congress classification  |i unmediated -- volume  |m A14803150720 
998 f f |a K4464.5 .S7  |t 0  |l Remote Storage